|
|
|
|
| LEADER |
01232nam a2200301 a 4500 |
| 001 |
1035 |
| 003 |
BD-DhAAL |
| 005 |
20150211111348.0 |
| 008 |
150211s1990 enk b 001 0 eng |
| 010 |
|
|
|a 90021221
|
| 020 |
|
|
|a 1856490025
|
| 020 |
|
|
|a 1856490033 (pbk.)
|
| 040 |
|
|
|a DLC
|c DLC
|d DLC
|d BD-DhAAL
|
| 050 |
0 |
0 |
|a HD8730.5
|b .O34 1990
|
| 082 |
0 |
0 |
|a 331/.095195
|2 20
|
| 100 |
1 |
|
|a Ogle, George E.,
|d 1929-
|9 8251
|
| 245 |
1 |
0 |
|a South Korea :
|b dissent within the economic miracle /
|c George E. Ogle.
|
| 260 |
|
|
|a London [England] ;
|a Atlantic Highlands, N.J. :
|b Zed Books ;
|a Washington, D.C. :
|b International Labor Rights Education and Research Fund,
|c c1990.
|
| 300 |
|
|
|a xv, 189 p. ;
|c 23 cm.
|
| 504 |
|
|
|a Includes bibliographical references (p. 181-184) and index.
|
| 541 |
|
|
|e 1035
|
| 650 |
|
0 |
|a Industrial relations
|z Korea (South)
|9 8252
|
| 650 |
|
0 |
|a Labor policy
|z Korea (South)
|9 8253
|
| 650 |
|
0 |
|a Labor movement
|z Korea (South)
|9 8254
|
| 651 |
|
0 |
|a Korea (South)
|x Economic policy
|y 1960-1988.
|9 8255
|
| 942 |
|
|
|2 ddc
|c BK
|
| 999 |
|
|
|c 33657
|d 33657
|
| 952 |
|
|
|0 0
|1 0
|2 ddc
|4 0
|6 331_095195000000000_OGL
|7 0
|9 52574
|a SCL
|b SCL
|c GEN
|d 2015-02-11
|e NSU Bookshop
|l 3
|m 10
|o 331.095195 OGL
|p 3020001035
|r 2025-09-01
|s 2025-08-28
|t 1
|w 2015-02-11
|y BK
|